| 000 | 01240nam a2200313 c 4500 | ||
|---|---|---|---|
| 999 |
_c56341 _d56341 |
||
| 003 | BLK | ||
| 005 | 20230509125922.0 | ||
| 008 | 180408b bul|||||r ||||||| ||bul|| | ||
| 010 | _aKNG00060321000 | ||
| 040 | _aBLK | ||
| 041 |
_aBUL _cBUL |
||
| 080 |
_aЕтнология. Етнография. Нрави. Обичаи. Бит. Фолклористика. Вж и 572 ; 903 ; 904 _b39 _z39 |
||
| 100 | 1 |
_aБромлей, Юлиан В. _eпърви автор _9286810 |
|
| 139 |
_aБромлей, Юлиан _bБ 82 |
||
| 245 | 1 | 0 |
_aЕтнос и етнография _bИзследване _cЮлиан В. Бромлей; прев. от рус. Донка Меламед. |
| 257 | _aSUN | ||
| 260 |
_aСофия _bНаука и изкуство _c1976 _fЯмбол : Г. Димитров |
||
| 300 |
_a291 с. _c22 см |
||
| 380 | _a3 | ||
| 500 | _aОриг. загл. Этнос и этнография 6 076 тир | ||
| 650 | 4 |
_aЕтнография - теория и методология _9246544 |
|
| 650 | 4 |
_aЕтнология _9155182 |
|
| 653 | 7 |
_9186487 _aетнография |
|
| 700 | 1 |
_aМеламед, Донка _eпрев. от рус. _9286811 |
|
| 852 |
_aЦб 81755 _bЦб |
||
| 856 | 4 |
_qpdf _i0.00 _ldisable |
|
| 856 | 4 |
_qpdf _i0.00 _ldisable |
|
| 942 |
_cKNG _n0 _s1 _01 |
||
| 944 |
_aCR _c13.06.2004 _kКети_Илиева |
||
| 944 |
_aED _c09.06.2014 |
||
| 944 |
_aED _c2022-10-19 |
||
| 999 | _d56341 | ||